00552nam a22001697a 4500020001700000041000800017082001500025100001700040245002500057260002300082300000800105650002900113942000700142952010800149952010800257999001700365 a978818465545 aENG a813.5bCOR aCorwin Chuck aOpen House : a novel aDelhibISPCKc2016 a178 aMilitary history, Modern cBK 00104070aHMIbHMIcGENd2020-06-05eISPCKg225.00l0o813.5 CORp11-4308r2020-06-05w2020-06-05yBK 00104070aHMIbHMIcGENd2020-06-05eISPCKg225.00l0o813.5 CORp11-4309r2020-06-05w2020-06-05yBK c22915d22915